[Event "EICC 2019"]
[Site "Skopia"]
[Date "2019.03.24"]
[Round "6.38"]
[White "Zajic, Milan"]
[Black "Antipov, Mikhail Al."]
[Result "1/2-1/2"]
[WhiteElo "2485"]
[BlackElo "2594"]
[Annotator "TA"]
[PlyCount "36"]
[EventDate "2019.03.18"]
[EventType "swiss"]
[EventCountry "MKD"]
[SourceTitle "playchess.com"]
[Source "ChessBase"]
[SourceQuality "1"]

{[%evp 9,36,0,0,-8,12,-7,4,-33,-30,-16,-18,-31,-29,-33,-16,-29,-32,-47,-36,-36,0,-5,0,0,0,0,0,0,37]} 1. d4 Nf6 2. Nf3 c6 3. Bf4 Qb6 (3... g6 4. Nbd2 Bg7 5. c3 O-O 6. e4 d6 7. Be2 Nbd7 8. O-O Re8 9. h3 e5 10. dxe5 Nxe5 11. Nxe5 dxe5 {1-0 (40) Caruana,F (2811)-Gabuzyan,H (2571) chess.com INT 2018}) 4. Qc1 d6 5. h3 c5 6. e3 {A46: 1 d4 Nf6 2 Nf3 e6: Torre, London and Colle Systems} cxd4 7. exd4 Nc6 8. c3 e5 9. Be3 $146 {[#] aiming for dxe5.} ({Predecessor:} 9. dxe5 dxe5 10. Nxe5 Nxe5 11. Bxe5 Bc5 {½-½ (20) Stevanovic,V (2305)-Paunovic,T (2420) Belgrade 1989}) 9... Nd5 10. Bc4 Nxe3 11. fxe3 Be7 12. O-O O-O 13. Kh1 Kh8 14. Bd5 Qc7 15. e4 {The position is equal.} f5 16. dxe5 dxe5 17. exf5 Bxf5 {[#] Threatens to win with ...e4.} 18. Nbd2 $1 Bc5 {Accuracy: White = 67%, Black = 50%.} 1/2-1/2

[Event "EICC 2019"]
[Site "Skopia"]
[Date "2019.03.24"]
[Round "6.39"]
[White "Warmerdam, Max"]
[Black "Ter-Sahakyan, Samvel"]
[Result "0-1"]
[WhiteElo "2448"]
[BlackElo "2590"]
[Annotator "TA"]
[PlyCount "65"]
[EventDate "2019.03.18"]
[EventType "swiss"]
[EventCountry "MKD"]
[SourceTitle "playchess.com"]
[Source "ChessBase"]
[SourceQuality "1"]

{[%evp 20,65,31,31,44,32,43,32,47,0,12,26,32,-10,0,-46,0,-9,0,-37,-14,-130,-121,-116,-116,-114,-127,-133,-126,-120,-122,-120,-122,-135,-131,-119,-127,-142,-131,-122,-128,-175,-177,-180,-185,-620,-615,-1025]} 1. e4 c5 2. Nf3 d6 3. d4 cxd4 4. Nxd4 Nf6 5. Nc3 a6 6. h3 e6 7. g4 Be7 {B81: Sicilian Scheveningen: Keres Attack} 8. g5 Nfd7 9. Bg2 Nc6 10. h4 O-O 11. b3 {LiveBook: 3 Games} Qb6 12. Nxc6 bxc6 13. Be3 $146 ({Predecessor:} 13. Na4 Qc7 14. Be3 Bb7 15. O-O {½-½ (32) Demchenko,A (2649)-Yilmaz,M (2633) Beirut 2017}) 13... Qa5 14. Bd2 Qc7 15. f4 d5 16. e5 a5 {[%cal Ba6a5,Ba5a4][%mdl 32]} 17. Qg4 Nc5 18. h5 a4 {[#] ...axb3 is the strong threat.} 19. b4 Nd7 20. g6 (20. a3 $11 {remains equal.}) 20... Bxb4 $17 21. h6 {Threatening mate with gxh7+.} fxg6 22. Qxe6+ Rf7 23. Nxd5 Bxd2+ 24. Kxd2 cxd5 25. Bxd5 Nf8 26. Qxf7+ Qxf7 27. Bxf7+ Kxf7 28. hxg7 Kxg7 29. Rab1 h5 30. c4 Bf5 31. Rb7+ {[#]} Kh6 $1 {And now ...Rd8+ would win.} 32. Kc3 $2 (32. Rb5) 32... Be4 $19 33. Kd4 {Precision: White = 30%, Black = 69%.} 0-1

[Event "EICC 2019"]
[Site "Skopia"]
[Date "2019.03.24"]
[Round "6.40"]
[White "Gaehwiler, Gabriel"]
[Black "Can, Emre"]
[Result "0-1"]
[WhiteElo "2414"]
[BlackElo "2586"]
[Annotator "TA"]
[PlyCount "72"]
[EventDate "2019.03.18"]
[EventType "swiss"]
[EventCountry "MKD"]
[SourceTitle "playchess.com"]
[Source "ChessBase"]
[SourceQuality "1"]

{[%evp 17,72,16,40,0,0,0,6,0,25,24,24,6,20,0,-20,-26,20,-14,0,0,34,-46,-21,-37,-13,-47,54,-71,-81,-101,-115,-108,-103,-99,-104,-170,-177,-172,-164,-210,-201,-217,-208,-221,-225,-294,-252,-293,-287,-384,-386,-364,-371,-363,-356,-378,-366]} 1. d4 Nf6 2. c4 c5 3. d5 e6 4. Nc3 exd5 5. cxd5 d6 6. Nf3 g6 7. Bf4 Bg7 8. e3 {A61: Modern Benoni: Nf3 without early e4} O-O 9. h3 Ne8 {LiveBook: 4 Games} 10. Nd2 {White is slightly better.} Nd7 11. Be2 Ne5 12. O-O Bd7 $146 ({Predecessor:} 12... a6 13. a4 b6 14. Re1 f5 15. Bh2 Rb8 {0-1 (46) Babula,V (2581)-Plischki,S (2386) Teplice 2013}) 13. a4 f5 14. Bh2 Rb8 15. f4 Nf7 16. e4 a6 17. a5 Nc7 {[%cal Be8c7,Bc7b5,Bb5d6][%mdl 32]} 18. Qb3 Kh8 19. e5 (19. exf5 $14 Bd4+ 20. Kh1) 19... dxe5 $15 20. fxe5 Nxe5 21. Nc4 Re8 (21... Nxc4 $15 22. Bxc4 g5) 22. Qb6 {[#]} (22. Nd6 $1 $14 {stays ahead.} Rf8 23. Qb6 (23. Nxb7 $2 Qc8 $19)) 22... Nb5 $1 $17 23. Bxe5 Bxe5 24. Nxe5 {[#] Black must now prevent Nf7+.} Qxb6 $1 25. axb6 Rxe5 26. Bf3 (26. Bxb5 $17 {was necessary.} axb5 27. Ra5) 26... Nd6 $19 27. Rfc1 Rc8 28. Nd1 Kg7 29. b3 g5 {Threatens to win with ...g4.} 30. Nb2 Bb5 31. Re1 Rce8 32. Rxe5 Rxe5 33. Rc1 Re3 {Black is winning.} 34. Nc4 Bxc4 $1 35. bxc4 Rb3 36. Re1 Kf8 {Precision: White = 23%, Black = 52%.} 0-1

[Event "EICC 2019"]
[Site "Skopia"]
[Date "2019.03.24"]
[Round "6.41"]
[White "Safarli, Eltaj"]
[Black "Kourkoulos-Arditis, Stamatis"]
[Result "1-0"]
[WhiteElo "2662"]
[BlackElo "2435"]
[Annotator "TA"]
[PlyCount "55"]
[EventDate "2019.03.18"]
[EventType "swiss"]
[EventCountry "MKD"]
[SourceTitle "playchess.com"]
[Source "ChessBase"]
[SourceQuality "1"]

{[%evp 9,55,7,11,5,9,6,13,7,20,11,13,4,15,6,5,11,12,10,10,0,0,0,20,10,37,36,50,54,58,39,45,46,43,32,35,22,18,18,18,15,25,13,98,87,906,893,1436,1421]} 1. e4 e6 2. d4 d5 3. Nd2 Be7 4. e5 c5 5. c3 cxd4 (5... Nc6 6. Bd3 Bd7 7. Qg4 Kf8 8. Ne2 h5 9. Qf3 cxd4 10. cxd4 Qb6 11. Nb3 a5 12. Nf4 Ke8 13. Nxh5 a4 14. Nxg7+ {1-0 (46) Mamedov,R (2703)-Lagarde,M (2616) Skopje 2018}) 6. cxd4 {C03: French Tarrasch: Unusual Black 3rd moves} Qb6 7. Ngf3 Nc6 8. Bd3 {The position is equal.} Nh6 9. O-O Nf5 10. Nb3 a5 $146 ({Predecessor:} 10... h6 11. g4 Nh4 12. Nxh4 Bxh4 13. Be3 Be7 14. a4 {1-0 (43) Perez Manas,B (2321)-Quintin Navarro,A (2363) Linares 2015}) 11. a4 Bd7 {[%cal Rf5d4]} ({But not} 11... Nfxd4 $2 12. Nbxd4 Bd7 13. Be3 $18) ({Not} 11... Ncxd4 $2 12. Nfxd4 Nxd4 13. Nxd4 $18) 12. Bxf5 exf5 13. Bg5 Bb4 14. Rc1 h6 15. Be3 Be7 16. Nc5 Be6 17. Ne1 O-O 18. Ned3 Bxc5 19. Rxc5 Rfc8 20. Qd2 Qd8 21. Rc3 {[%cal Bc5c3,Bc3b3,Bb3g3][%mdl 32] Black must now prevent Nc5.} Ne7 22. Rb3 b6 23. Nf4 Kh7 24. Nh5 Ng8 25. Bf4 g5 (25... Bd7 $11 {remains equal.}) 26. Rg3 $1 $16 {[%cal Rf4g5] Hoping for Bxg5!} Ra7 $2 {[%mdl 8192] [#]} (26... f6 $16) 27. Bxg5 $1 $18 {[%mdl 512]} hxg5 {[#]} 28. Nf6+ $1 {[%mdl 512] Accuracy: White = 80%, Black = 60%.} 1-0

[Event "EICC 2019"]
[Site "Skopia"]
[Date "2019.03.24"]
[Round "6.42"]
[White "Vallejo Pons, Francisco"]
[Black "Valsecchi, Alessio"]
[Result "1/2-1/2"]
[WhiteElo "2698"]
[BlackElo "2515"]
[Annotator "TA"]
[PlyCount "254"]
[EventDate "2019.03.18"]
[EventType "swiss"]
[EventCountry "MKD"]
[SourceTitle "playchess.com"]
[Source "ChessBase"]
[SourceQuality "1"]

{[%evp 31,254,0,22,8,14,8,11,5,0,-8,31,10,61,61,61,60,102,107,103,101,99,104,93,94,127,114,121,122,137,137,139,117,145,146,145,121,138,154,162,136,186,114,151,146,166,156,177,170,180,166,170,159,175,43,55,0,93,92,95,90,90,90,112,110,112,112,112,112,112,41,41,41,41,41,41,41,41,41,41,41,60,61,72,61,61,0,72,72,72,72,72,72,72,72,72,72,72,72,72,72,72,72,72,68,76,76,76,68,68,68,68,68,78,42,42,42,42,42,42,0,42,0,42,42,42,42,42,42,42,30,47,0,0,0,0,0,0,0,0,0,4,4,12,13,14,14,15,15,15,15,20,14,20,14,15,15,20,20,20,20,24,20,20,20,24,8,8,8,8,8,10,8,8,8,20,20,21,18,20,18,21,10,21,21,21,8,10,10,24,24,24,24,24,24,27,24,24,24,28,28,43,43,43,43,43,43,43,43,43,43,43,43,43,0,43,28,43,8,8,8,8,0,0,0,0]} 1. e4 c5 2. Nf3 Nc6 3. d4 cxd4 4. Nxd4 Nf6 5. Nc3 e5 6. Ndb5 {[%cal Bd4b5,Bb5a3,Ba3c2,Bc2e3,Be3f5][%mdl 32]} d6 7. Bg5 a6 8. Na3 b5 9. Nd5 Be7 10. Bxf6 Bxf6 11. c3 O-O 12. Nc2 Rb8 13. h4 Be7 14. Bd3 {B33: Sicilian: Pelikan and Sveshnikov Variations} (14. Nce3 Be6 15. a4 Qd7 16. Be2 Bd8 17. axb5 axb5 18. h5 Bg5 19. O-O h6 20. Ra6 Bxe3 21. Nxe3 Rfd8 {½-½ (46) Langeveld,R (2687)-Kribben,M (2653) ICCF email 2014}) 14... Be6 15. Nce3 Qd7 16. Nf5 Kh8 {LiveBook: 12 Games} 17. Bc2 Bd8 18. Qd3 Ne7 19. Nfxe7 $146 (19. Ndxe7 {is more complex.} Bxe7 20. Rd1 b4 21. c4 Rfc8 22. b3) ({Predecessor:} 19. Nde3 Nc8 20. Rd1 a5 21. Bb3 b4 22. Bxe6 fxe6 23. Nxd6 bxc3 24. bxc3 Nxd6 25. Qxd6 Qf7 26. O-O Bxh4 27. g3 Be7 28. Qd7 Rbd8 {½-½ (28) Polakovic,P (2485)-Dolgov,I (2513) ICCF email 2013}) 19... Bxe7 20. O-O-O Bd8 (20... Bxd5 $5 21. Qxd5 Qg4 $11) 21. f4 Qb7 ({Black should play} 21... Qa7 $11) 22. f5 $14 Bxd5 23. Qxd5 b4 24. Qxb7 ({But not} 24. Qxd6 $6 Be7 $11) 24... Rxb7 25. cxb4 Rxb4 26. Rxd6 a5 27. Rh3 h6 28. Rd5 g6 29. fxg6 fxg6 30. Rf3 Re8 31. g3 Rb7 32. Ba4 Rg8 33. Rxe5 Kg7 34. Rd5 Re7 35. e5 Bc7 36. Re3 (36. e6 $1 $18 Rf8 37. Rfd3) 36... Rf8 37. e6 Rf2 38. Bd7 Kf6 39. Rd2 Rf5 40. Kd1 g5 41. hxg5+ hxg5 42. Rh2 ({Better is} 42. Rc3 $18 Be5 43. Ra3) 42... Rd5+ $1 43. Rd2 (43. Ke2 $14) 43... Rxd2+ (43... Rf5 $1 $11) 44. Kxd2 $11 {[%mdl 4096] Endgame KRB-KRB} Rh7 45. Kd3 g4 46. Ba4 Be5 47. Bb3 Bxb2 48. Re4 Be5 49. Rxg4 Rh3 50. Ke2 (50. Rh4 $16 Rxg3+ 51. Ke4) 50... Rxg3 $14 51. Ra4 Bc7 $1 52. Rc4 Bd6 53. Rh4 Rc3 54. Rh6+ Kg7 55. Rh1 Rc5 56. Kd3 Kf6 57. Rh6+ Kg7 $1 {[%cal Rg7h6]} 58. Rh1 Kf6 59. Rh7 {[#] Threatens to win with Rf7+.} Rc7 60. Rh6+ Kg7 61. Rh1 Kf6 62. Kd4 Bb4 63. Rh6+ Ke7 64. Ke5 Bd6+ 65. Kf5 Bb4 66. Rh7+ Kd6 67. Rh4 Ke7 68. Kg6 Kd6 69. Re4 Bc3 70. Re3 {[#] Strongly threatening e7!} Ke7 71. Rf3 Bb4 72. Rd3 a4 73. Bd5 Rc5 74. Kf5 Rc2 75. Bf3 Rc5+ 76. Bd5 Rc2 77. Re3 Rf2+ 78. Ke5 Bd6+ 79. Kd4 Rf4+ 80. Kc3 Bb4+ 81. Kb2 Rd4 82. Re5 Rd2+ 83. Kc1 Rd4 84. Bf3 Rf4 85. Bd1 Rc4+ 86. Bc2 $1 Rc6 87. Re4 Ba3+ 88. Kd2 Rxe6 89. Rxa4 Bc5 90. Kc3 Re5 91. Ra8 Kd6 92. a4 Bb6 93. Kb4 Kc7 94. Rg8 Bc5+ 95. Kc4 Be7 96. Bd3 Ra5 97. Kb3 Rd5 98. Kc3 Bf6+ 99. Kc2 Rc5+ 100. Kd2 Bc3+ 101. Ke3 Re5+ 102. Be4 Rc5 103. Rg6 Be5 104. Ra6 Rc3+ 105. Ke2 Bd4 106. Bd3 Kb7 107. Rd6 Bb6 108. Rd7+ Kc6 109. Rh7 Bc5 110. a5 Ra3 111. a6 Bd4 112. Rh6+ Kc7 113. Rh4 Bc5 114. Bc4 Re3+ 115. Kd2 Re7 116. Kc3 Kb6 117. Rh6+ Ka7 118. Kb3 Rc7 119. Bb5 Bb6 120. Rg6 Rh7 121. Bc4 Rc7 122. Bb5 Rh7 123. Re6 Rg7 124. Be2 Rg3+ {The position is equal.} 125. Kb4 Re3 126. Bc4 Rxe6 127. Bxe6 Kxa6 {Precision: White = 68%, Black = 57%.} 1/2-1/2

[Event "EICC 2019"]
[Site "Skopia"]
[Date "2019.03.24"]
[Round "6.43"]
[White "Sivuk, Vitaly"]
[Black "Ragger, Markus"]
[Result "1/2-1/2"]
[WhiteElo "2514"]
[BlackElo "2696"]
[Annotator "TA"]
[PlyCount "38"]
[EventDate "2019.03.18"]
[EventType "swiss"]
[EventCountry "MKD"]
[SourceTitle "playchess.com"]
[Source "ChessBase"]
[SourceQuality "1"]

{[%evp 17,38,31,29,28,28,32,37,45,39,30,25,5,2,3,5,3,8,4,22,8,39,28,43]} 1. c4 c5 2. Nf3 Nf6 3. d4 cxd4 4. Nxd4 b6 5. Nc3 Bb7 6. f3 e6 7. e4 {[%cal Be2e4,Be4e5][%mdl 32]} Nc6 8. Be3 Bc5 {A31: Symmetrical English: 2 Nf3 Nf6 3 d4} 9. Qd2 O-O {LiveBook: 12 Games} 10. Rd1 $146 ({Predecessor:} 10. Nxc6 Bxc6 11. e5 Ne8 12. Bd3 Qh4+ 13. Qf2 Qxf2+ 14. Kxf2 f6 15. Bxc5 bxc5 16. Rhe1 {½-½ (27) Ponkratov,P (2589)-Kamsky,G (2637) St Petersburg 2016}) 10... Qe7 11. Nxc6 dxc6 12. e5 Bxe3 13. Qxe3 Nd7 14. Be2 Rad8 15. O-O Nb8 16. f4 c5 17. Nb5 Nc6 18. Bf3 Ba8 (18... Nd4 $5) 19. Bxc6 Bxc6 1/2-1/2

[Event "EICC 2019"]
[Site "Skopia"]
[Date "2019.03.24"]
[Round "6.44"]
[White "Keymer, Vincent"]
[Black "Eljanov, Pavel"]
[Result "1/2-1/2"]
[WhiteElo "2509"]
[BlackElo "2682"]
[Annotator "TA"]
[PlyCount "82"]
[EventDate "2019.03.18"]
[EventType "swiss"]
[EventCountry "MKD"]
[SourceTitle "playchess.com"]
[Source "ChessBase"]
[SourceQuality "1"]

{[%evp 11,82,10,18,5,19,28,18,18,26,14,20,29,23,25,19,9,62,57,61,52,61,61,68,66,53,47,61,27,38,40,60,56,42,62,55,0,0,0,0,-61,-60,-75,0,0,0,0,0,0,0,0,0,0,0,-13,-6,-13,-13,-13,-13,-24,-13,-13,-13,-13,0,-2,-2,-22,0,0,0,0,0]} 1. d4 Nf6 2. c4 e6 3. Nf3 Bb4+ 4. Bd2 a5 5. Nc3 d5 6. e3 O-O 7. a3 {E11: Bogo-Indian} (7. Qc2 b6 8. cxd5 exd5 9. a3 Be7 10. Bd3 Re8 11. O-O Bf8 12. e4 dxe4 13. Nxe4 Nbd7 14. Neg5 Bd6 15. Bc4 Re7 16. Nxf7 Rxf7 17. Bxf7+ Kh8 18. Rfe1 Bb7 19. Ng5 Qf8 20. Be6 Bd5 21. Bxd5 {1-0 (21) Bacrot,E (2695)-Van Wely,L (2695) chess.com INT 2017}) 7... Bxc3 8. Bxc3 b6 9. cxd5 $146 ({Predecessor:} 9. Be2 Ba6 10. cxd5 Bxe2 11. Qxe2 exd5 12. O-O Re8 13. Rac1 Nbd7 14. Rfd1 {½-½ (14) Mirzoev,A (2468)-Dgebuadze,A (2544) Livigno 2011}) 9... Qxd5 10. Be2 Bb7 11. O-O Ne4 12. Qc2 Nd7 13. Rfd1 Ba6 (13... Rfc8 $11) 14. Bxa6 $14 Rxa6 15. Nd2 f5 16. Rac1 b5 17. f3 Nef6 18. b4 a4 19. Qd3 Rc6 20. e4 fxe4 21. fxe4 Qh5 22. Nf3 Nb6 23. Ne5 (23. Rf1 $14) 23... Ng4 $11 24. Nxg4 Qxg4 25. Rf1 ({Better is} 25. h3 $1 $11 Qg5 26. h4) 25... Rxf1+ $1 $15 26. Rxf1 {[#]} h6 (26... Nc4 $1 $17) 27. Rf3 Qg5 28. Bd2 Qh5 29. h3 Nc4 30. Bf4 e5 31. dxe5 Qe8 32. Qd4 Kh7 33. Rd3 Re6 34. Qc5 c6 35. Bg3 (35. Kh2 {keeps more tension.} Re7 36. Kg1 Rb7 37. Qd4 Rf7 38. Bg3) 35... Nxe5 36. Bxe5 {The position is equal.} Rxe5 $11 {[%mdl 64] [#] Double Attack. KQR-KQR} 37. Qc2 $1 Qg6 38. Rc3 Re6 ({Don't take} 38... Qxe4 39. Qxe4+ Rxe4 40. Kf2 $17) 39. Rc5 Kh8 40. e5 Qxc2 41. Rxc2 Rxe5 {Accuracy: White = 58%, Black = 62%.} 1/2-1/2

[Event "EICC 2019"]
[Site "Skopia"]
[Date "2019.03.24"]
[Round "6.45"]
[White "Arizmendi Martinez, Julen Luis"]
[Black "Parligras, Mircea-Emilian"]
[Result "1/2-1/2"]
[WhiteElo "2506"]
[BlackElo "2657"]
[Annotator "TA"]
[PlyCount "33"]
[EventDate "2019.03.18"]
[EventType "swiss"]
[EventCountry "MKD"]
[SourceTitle "playchess.com"]
[Source "ChessBase"]
[SourceQuality "1"]

{[%evp 13,33,0,18,14,24,27,27,12,16,10,25,27,14,16,17,20,20,22,40,40,47,27]} 1. d4 Nf6 2. c4 e6 3. Nc3 Bb4 4. e3 O-O 5. Bd3 d5 6. a3 Bxc3+ 7. bxc3 c6 8. Ne2 {E49: Nimzo-Indian: Rubinstein: 5 Bd3 d5 6 a3 Bxc3+ 7 bxc3} b6 9. cxd5 (9. O-O Ba6 10. cxd5 cxd5 11. Bxa6 Nxa6 12. Qd3 Qc8 13. f3 Nb8 14. e4 Qa6 15. Qe3 Nc6 {1-0 (52) Radjabov,T (2741)-Movsesian,S (2671) Heraklio 2017}) 9... cxd5 10. c4 {White has an edge.} Ba6 11. cxd5 Bxd3 12. Qxd3 Qxd5 13. f3 Nc6 $146 ({Predecessor:} 13... Rc8 14. Bb2 Nbd7 15. e4 Ne5 {½-½ (27) Peralta,F (2556)-Satyapragyan,S (2392) Barcelona 2015}) 14. e4 Qd6 15. O-O Nd7 16. Rd1 e5 17. Bb2 1/2-1/2

[Event "EICC 2019"]
[Site "Skopia"]
[Date "2019.03.24"]
[Round "6.46"]
[White "Goryachkina, Aleksandra"]
[Black "Moiseenko, Alexander"]
[Result "0-1"]
[WhiteElo "2504"]
[BlackElo "2648"]
[Annotator "TA"]
[PlyCount "72"]
[EventDate "2019.03.18"]
[EventType "swiss"]
[EventCountry "MKD"]
[SourceTitle "playchess.com"]
[Source "ChessBase"]
[SourceQuality "1"]

{[%evp 10,72,14,0,25,44,41,41,37,43,54,52,64,59,102,0,0,0,0,0,-12,-10,0,-17,-7,-5,0,-10,0,0,0,-157,-144,-134,-163,-162,-121,-295,-293,-304,-284,-256,-323,-507,-507,-504,-496,-619,-619,-875,-850,-634,-625,-660,-650,-945,-878,-1208,-1197,-1387,-1236,-5915,-5056,-2405,-2129]} 1. d4 Nf6 2. c4 e6 3. Nc3 Bb4 4. Qc2 d5 5. a3 Bxc3+ 6. Qxc3 c5 {E36: Nimzo-Indian: Classical: 4...d5 5 a3} (6... O-O 7. Bg5 dxc4 8. Qxc4 b6 9. Rd1 Ba6 10. Qa4 h6 11. Bh4 Qe7 12. Nf3 Rd8 13. e3 Bxf1 14. Rxf1 c5 15. dxc5 Rxd1+ 16. Qxd1 {½-½ (23) Vitiugov,N (2709)-Giri,A (2780) Shenzhen 2018}) 7. dxc5 d4 8. Qg3 Nc6 {White is slightly better.} 9. Nf3 e5 10. b4 e4 11. Nd2 Be6 $146 ({Predecessor:} 11... O-O 12. e3 a5 13. b5 Ne7 14. Be2 {½-½ (36) Ivanisevic,I (2643)-Naiditsch,A (2657) Bled 2016}) 12. e3 (12. Qxg7 $16 Rg8 13. Qh6) 12... Nh5 $1 $11 {[%cal Rh5g3]} 13. Qd6 Qh4 $1 14. g3 ({Not} 14. exd4 $2 e3 $19) 14... Qf6 $1 15. Nxe4 Qf3 $1 {[%csl LRe4,LRh1][%mdl 64] [#] Double Attack} 16. Ng5 $1 {[%cal Rg5f3]} Qxh1 17. Nxe6 fxe6 18. Qxe6+ Kf8 {aiming for ...dxe3.} 19. b5 $1 {[%cal Rb5c6]} Re8 20. Qd6+ $2 (20. Qf5+ $11 Nf6 21. bxc6) 20... Ne7 $17 {[%cal Bc6e7,Be7f5,Bf5e3][%mdl 32] And now ...Kf7 would win.} 21. exd4 Kf7 22. Be3 Nf6 $36 {[%mdl 2048] White is under strong pressure.} ({And not} 22... Qxh2 23. g4 $11) 23. O-O-O $2 (23. Qf4 $17) 23... Nf5 $19 {[%mdl 64] [#] Double Attack, Discovered Attack} ({Stronger than} 23... Qxh2 24. Qc7 $15) 24. Qf4 {Bd3 is the strong threat.} Nxe3 25. fxe3 Qxh2 26. Bd3 (26. Rd2 $142 Qg1 27. Rf2) 26... Qa2 {Black is clearly winning.} 27. g4 {intending g5.} h6 28. Rf1 Rhf8 29. g5 hxg5 30. Qxg5 Kg8 31. Rg1 {[%csl Gg1][%cal Rg5g7]} Re7 32. Qg3 Rff7 33. c6 bxc6 34. bxc6 Qxa3+ 35. Kd2 Qb4+ 36. Ke2 Nh5 {Accuracy: White = 50%, Black = 82%.} 0-1

[Event "EICC 2019"]
[Site "Skopia"]
[Date "2019.03.24"]
[Round "6.47"]
[White "Kuzubov, Yuriy"]
[Black "Plenca, Jadranko"]
[Result "1-0"]
[WhiteElo "2644"]
[BlackElo "2487"]
[Annotator "TA"]
[PlyCount "57"]
[EventDate "2019.03.18"]
[EventType "swiss"]
[EventCountry "MKD"]
[SourceTitle "playchess.com"]
[Source "ChessBase"]
[SourceQuality "1"]

{[%evp 18,57,15,29,25,2,15,4,12,7,11,2,4,0,0,0,35,26,23,0,15,0,70,34,59,54,62,54,71,64,69,38,15,-69,2,17,0,0,0,0,637,630]} 1. c4 e6 2. Nf3 d5 3. g3 Nf6 4. Bg2 Be7 5. d4 O-O 6. O-O Nbd7 7. Qc2 c6 8. Nbd2 {[%cal Bb1d2,Bd2c4,Bc4e3][%mdl 32]} b6 9. e4 dxc4 10. Nxc4 Bb7 {E09: Closed Catalan: Main Line: 7 Qc2 c6 8 Nbd2} 11. e5 Nd5 12. h4 h6 {The position is equal.} 13. Qe4 b5 14. Ne3 c5 15. Qg4 {Threatens to win with Nxd5.} Kh8 16. dxc5 {[#]} Nxc5 $146 ({Predecessor:} 16... Bxc5 17. Nxd5 Bxd5 18. Bf4 {½-½ (31) L'Ami,E (2611)-Erdos,V (2624) Heraklio 2017}) 17. Rd1 Qe8 18. Nxd5 Bxd5 19. Be3 a5 (19... Rc8 $11) 20. Qh5 (20. Rxd5 $5 exd5 21. Nd4 $11) 20... Be4 21. Nd4 Bxg2 22. Kxg2 Rd8 23. Rac1 Rd5 24. Bxh6 (24. a4 $5) 24... gxh6 25. Qxh6+ Kg8 {[#] Strongly threatening ...Qd7.} 26. Nf5 $1 $40 {[%mdl 640] White mounts an attack.} exf5 27. Rxd5 Qa8 28. Qd2 Rd8 $2 {[%mdl 8192] [#]} (28... a4 $11) 29. Rcxc5 $1 {[%mdl 512] Accuracy: White = 39%, Black = 55%.} 1-0

[Event "EICC 2019"]
[Site "Skopia"]
[Date "2019.03.24"]
[Round "6.48"]
[White "Onischuk, Vladimir"]
[Black "Fakhrutdinov, Timur"]
[Result "1-0"]
[WhiteElo "2626"]
[BlackElo "2485"]
[Annotator "TA"]
[PlyCount "139"]
[EventDate "2019.03.18"]
[EventType "swiss"]
[EventCountry "MKD"]
[SourceTitle "playchess.com"]
[Source "ChessBase"]
[SourceQuality "1"]

{[%evp 15,139,12,7,0,4,0,0,0,0,0,3,1,5,7,18,0,13,12,10,13,7,11,9,0,0,7,16,14,61,68,85,82,75,87,88,73,114,118,116,102,120,80,84,73,147,142,143,142,97,97,110,40,41,47,41,41,48,42,45,25,48,0,0,0,129,137,121,130,141,141,151,153,178,180,165,152,191,0,0,0,0,0,183,181,199,205,192,180,212,229,192,198,223,205,335,335,335,330,443,437,431,415,403,382,750,623,689,493,477,477,419,415,699,595,1476,1491,882,760,2170,727,2070,1794,29975,29976,29988,29989]} 1. e4 e5 2. Nf3 Nc6 3. Bb5 Nf6 4. d3 Bc5 5. c3 d5 6. Nbd2 dxe4 7. dxe4 O-O 8. O-O Qe7 9. Qe2 {C00: French: Unusual White 2nd moves} (9. b4 Bd6 10. a3 a5 11. Rb1 axb4 12. axb4 Be6 13. Re1 Rfd8 14. Qc2 h6 15. Bf1 Ra2 16. Bb2 Qe8 {½-½ (56) Carlsen,M (2835)-Kramnik,V (2777) Wijk aan Zee 2019}) 9... a5 10. Ba4 Ne8 $146 ({Predecessor:} 10... Bd7 11. Nc4 Nb8 12. Bc2 Bb5 13. Bd3 {½-½ (81) Najer,E (2663)-Ragger,M (2690) Czech Republic 2018}) 11. Nc4 {The position is equal.} f6 12. Be3 Be6 13. Rfd1 Kh8 14. Nfd2 Nd8 15. a3 c6 16. Nb6 Ra6 17. Ndc4 {And now Bxc5 would win.} Bxe3 18. Qxe3 (18. fxe3 Nf7 $17) 18... Nf7 $1 19. Bb3 a4 20. Ba2 Nc7 21. Rd2 Na8 22. Nxa8 Raxa8 23. Nb6 {Strongly threatening Bxe6.} Rad8 24. Bxe6 (24. Nxa4 $2 Bxa2 25. Rxa2 b5 $19) 24... Qxe6 25. Rad1 Qb3 26. Nd7 Rfe8 27. h3 Ng5 28. Kh2 Ne6 29. Qf3 Ng5 ({Black should try} 29... Rc8) 30. Qf5 $16 {h4 is the strong threat.} Qe6 31. Nc5 Rxd2 32. Rxd2 Qc4 33. h4 (33. Nxb7 $16 {Threatens to win with Nd6.} Qxe4 34. Qxe4 Nxe4 35. Re2) 33... Qxc5 $14 34. hxg5 fxg5 35. Qxg5 {[%mdl 4096] Endgame KQR-KQR} h6 36. Qg4 Qf8 37. g3 $40 {[%mdl 128] White is up to no good.} Rd8 38. Rxd8 Qxd8 {KQ-KQ} 39. Kg2 Qe7 (39... b5 $11) 40. Qc8+ $1 $16 Kh7 41. Qa8 Qd7 42. Qxa4 Qd3 43. Qb4 h5 44. Qxb7 Qxe4+ 45. Kh2 $1 Qf3 46. Kg1 Qd1+ $1 47. Kg2 Qd5+ 48. Kh2 Qf3 $1 49. Qb6 h4 {[#] Hoping for ...h3!} 50. Qe3 $1 {[%cal Re3f3]} ({And not} 50. gxh4 Qf4+ 51. Kh3 Qf3+ 52. Kh2 Qf4+ 53. Kg2 Qg4+ 54. Kh2 Qxh4+ 55. Kg1 Qg4+ 56. Kf1 Qd1+ 57. Kg2 Qg4+ 58. Kf1 Qd1+ 59. Kg2 Qg4+ 60. Kf1 $11) 50... hxg3+ 51. Kh3 Qh5+ 52. Kxg3 Qg6+ 53. Kh2 Qc2 {[#]} 54. b4 $1 ({Don't take} 54. Qxe5 $6 Qxf2+ 55. Kh3 Qf1+ 56. Kg3 Qg1+ 57. Kf3 Qf1+ 58. Ke3 Qc1+ 59. Kf3 Qf1+ 60. Ke3 Qc1+ 61. Kf3 Qf1+ $16) 54... Kg6 (54... Kg8 {was called for.} 55. Qxe5 Qxf2+ 56. Kh3 Qf3+ 57. Kh4 Qf7) 55. Kg2 $18 ({Weaker is} 55. Qxe5 Qxf2+ 56. Kh3 Qf1+ 57. Kg4 Qc4+ 58. Kg3 Qd3+ 59. Kf4 Qf1+ 60. Ke4 Qc4+ 61. Ke3 Qa6 $18) 55... e4 56. Qc5 Qd3 57. Qxc6+ Kh7 {intending ...Qf3+.} 58. Qe6 Qf3+ 59. Kg1 g5 $2 (59... Qxc3 60. Qxe4+ Kg8 61. Qd5+ Kf8) 60. Qd7+ Kg6 61. Qd6+ Kf7 62. Qg3 Qd1+ 63. Kg2 Kf6 (63... Kg6 $142 64. Qh3 Qb3) 64. c4 Kf5 65. Qh3+ Ke5 66. Qh8+ Kf4 67. Qf6+ Kg4 68. c5 Qb3 69. c6 Qd5 70. c7 {Accuracy: White = 81%, Black = 49%.} 1-0